Globalización:
Spremljeno u:
| Glavni autor: | |
|---|---|
| Format: | Tekst |
| Teme: | |
| Oznake: |
Dodaj oznaku
Bez oznaka, Budi prvi tko označuje ovaj zapis!
|
MARC
| LEADER | 00000 a a2200000 04500 | ||
|---|---|---|---|
| 001 | 42355 | ||
| 003 | |||
| 040 | |||
| 100 | |a Sotela Valencia, Adrían | ||
| 245 | |a Globalización: |a ¿estancamiento o crisis en América Latina? / |c Adrían Sotela Valencia | ||
| 650 | |a DEPENDENCIA ECONOMICA | ||
| 650 | |a SUBDESARROLLO | ||
| 650 | |a GLOBALIZACION | ||
| 650 | |a PRIVATIZACION | ||
| 650 | |a ESTABILIZACION ECONOMICA | ||
| 650 | |a RECESION ECONOMICA | ||
| 650 | |a DESEMPLEO | ||
| 650 | |a AMERICA LATINA | ||
| 773 | |g volumen31, número120 ( , 2000), páginas 31-53 | ||
| 999 | |c 34665 |d 34665 | ||
